Indeks suratkahabar Malaysia April - Jun (Record no. 154868)

MARC details
000 -LEADER
fixed length control field 00629nam a2200217 i 4500
001 - CONTROL NUMBER
control field C2-0171922
003 - CONTROL NUMBER IDENTIFIER
control field PPAK
005 - DATE AND TIME OF LATEST TRANSACTION
control field 20180729134012.0
008 - FIXED-LENGTH DATA ELEMENTS--GENERAL INFORMATION
fixed length control field 980825s1985 my |||| ||||| | may d
022 ## - INTERNATIONAL STANDARD SERIAL NUMBER
International Standard Serial Number 0126-9062
040 ## - CATALOGING SOURCE
Original cataloging agency PPAK
Language of cataloging eng
Transcribing agency PPAK
Description conventions rda
082 04 - DEWEY DECIMAL CLASSIFICATION NUMBER
Classification number 016.079595
Edition number 23
090 00 - LOCALLY ASSIGNED LC-TYPE CALL NUMBER (OCLC); LOCAL CALL NUMBER (RLIN)
Classification number (OCLC) (R) ; Classification number, CALL (RLIN) (NR) 016.079595
Feature heading IND
Feature heading R
245 00 - TITLE STATEMENT
Title Indeks suratkahabar Malaysia April - Jun
Remainder of title suratkhabar Bahasa Malaysia
264 #1 - PRODUCTION, PUBLICATION, DISTRIBUTION, MANUFACTURE, AND COPYRIGHT NOTICE
Place of production, publication, distribution, manufacture Kuala Lumpur :
Name of producer, publisher, distributor, manufacturer Perpustakaan Negara Malaysia ,
Date of production, publication, distribution, manufacture, or copyright notice 1985
300 ## - PHYSICAL DESCRIPTION
Extent 81 pages ;
Dimensions 30 cm
336 ## - CONTENT TYPE
Source rdacontent
Content type term text
337 ## - MEDIA TYPE
Source rdamedia
Media type term unmediated
338 ## - CARRIER TYPE
Source rdacarrier
Carrier type term volume
942 ## - ADDED ENTRY ELEMENTS (KOHA)
-- dc
Koha item type Book
Holdings
Withdrawn Not for loan Current library Shelving location Date acquired Full call number Barcode Date last seen Koha item type
  Not For Loan Perpustakaan Alor Setar Rujukan Dewasa 25/08/1998 R 016.079595 IND A00113535 01/06/2018 Bound Journal
  Not For Loan Perpustakaan Alor Setar Rujukan Dewasa 25/08/1998 R 016.079595 IND A00113534 01/06/2018 Bound Journal